Προσεγγίσεις ποιημάτων από τα κείμενα νεοελληνικής λογοτεχνίας λυκείου και κειμενικές λειτουργίες
Saved in:
| Main Author: | |
|---|---|
| Format: | Book |
| Language: | Greek |
| Published: |
Αθήνα :
Τομές,
1995
|
| Series: | Εκπαιδευτική σειρά
|
| Subjects: | |
| Tags: |
Add Tag
No Tags, Be the first to tag this record!
|
MARC
| LEADER | 00000nam a2200000 i 4500 | ||
|---|---|---|---|
| 001 | 1/66805 | ||
| 008 | 990118s1995 gre d | ||
| 020 | |a 960-7608-08-9 | ||
| 035 | |l 10047367 | ||
| 040 | |a GR-MY-UA |b gre |e aacr | ||
| 041 | 0 | |a gre | |
| 082 | 0 | |a 889.107 | |
| 100 | 1 | |a Δανιήλ, Ανθούλα. | |
| 245 | 1 | 0 | |a Προσεγγίσεις ποιημάτων από τα κείμενα νεοελληνικής λογοτεχνίας λυκείου και κειμενικές λειτουργίες / |c Ανθούλα Δανιήλ |
| 260 | |a Αθήνα : |b Τομές, |c 1995 | ||
| 300 | |a 428 σ. | ||
| 490 | 1 | |a Εκπαιδευτική σειρά | |
| 650 | 0 | 0 | |a Greek poetry |x Criticism, Textual. |
| 830 | 0 | |a Εκπαιδευτική σειρά | |
| 852 | |a INST |b RHODES |e 19990118 |h 889.107 ΔΑΝ |p 005400005738 |q 005400005738 |t BK |y 0 | ||
| 901 | |a BIBL-1999-1 | ||
| 909 | |a Ρ |b 061165 |c 1998 | ||
| 922 | |a 4ΕΛΗ |b 199811 |c ΚΠΣ/ΔΕ |d EMVASIS | ||
| 970 | |z 2000/06/ΚΑΤΕΡΙΝΑ | ||